Ja unës Rossiju apologija emigracii Tom I Rossija v Germanii

Bibliographic Details
Main Author: Guľ, Roman Borisovič, 1896-1986 (Author)
Format: Book
Language:Russian
PhysicalDescription:554 s. 21 cm
Published: Moskva B. S. G-Press 2001
ISBN:593381010X
5933810614
Subjects:

MARC

LEADER 00000nam a2200000 a 4500
001 vtls001523740
003 SK-MaSNL
005 20260301164154.0
008 240315s2001 ru g 001 0 rus
020 |a 593381010X  |q (viaz. : T. 1) 
020 |a 5933810614  |q (viaz. : [súbor]) 
040 |a SNK  |b slo  |c SNK  |e AACR2 
041 0 |a rus 
043 |a e-ur-ru  |a e-gx--- 
044 |a ru  |c RU 
072 7 |a 325  |x Medzinárodná migrácia, exil, kolonizácia  |2 konspekt 
080 |a 316.4.063.3:314.74  |2 MDT-MRF 
080 |a (=161.1)  |2 MDT-MRF 
080 |a (470+571)  |2 MDT-MRF 
080 |a 314.743  |2 MDT-MRF 
080 |a 314.745.3-054.72  |2 MDT-MRF 
080 |a (430)  |2 MDT-MRF 
080 |a (048.8)  |2 MDT-MRF 
100 1 |a Guľ, Roman Borisovič,  |d 1896-1986  |4 aut  |9 310467 
245 1 0 |a Ja unës Rossiju  |b apologija emigracii  |n Tom I  |p Rossija v Germanii  |c Roman Gul' 
260 |a Moskva  |b B. S. G-Press  |c 2001 
300 |a 554 s.  |c 21 cm 
600 1 7 |a Gul', Roman Borisovič  |d 1896-1986  |2 SNKPH  |9 397032 
650 0 7 |a Rusi  |x emigrácia  |2 SNKPH  |9 304897 
650 0 7 |a emigrácia  |z Rusko  |2 SNKPH  |9 304898 
650 0 7 |a Rusi  |z Nemecko  |2 SNKPH  |9 531199 
650 0 7 |a integrácia  |z Nemecko  |2 SNKPH  |9 531200 
651 7 |a Nemecko  |2 SNKPH  |9 21020 
655 7 |a štúdie  |2 SNKPH  |9 57033 
919 |a 5-93381-010-X 
919 |a 5-93381-061-4 
999 |c 819613  |d 821543 
952 |a SNK  |b SNK  |y VYP  |7 0  |p 17A0468351  |o snkIC 132227/1  |i snk2005/7966  |8 2  |g 16.93  |0 0  |1 0  |4 0  |d 2005-04-14  |l 0  |r 2026-02-24 03:02:42  |w 2026-02-24